|
|
|
|
| LEADER |
03081nam a22005655i 4500 |
| 001 |
978-3-540-75551-7 |
| 003 |
DE-He213 |
| 005 |
20151204173551.0 |
| 007 |
cr nn 008mamaa |
| 008 |
100301s2007 gw | s |||| 0|eng d |
| 020 |
|
|
|a 9783540755517
|9 978-3-540-75551-7
|
| 024 |
7 |
|
|a 10.1007/978-3-540-75551-7
|2 doi
|
| 040 |
|
|
|d GrThAP
|
| 050 |
|
4 |
|a QA76.9.A25
|
| 072 |
|
7 |
|a URY
|2 bicssc
|
| 072 |
|
7 |
|a COM053000
|2 bisacsh
|
| 082 |
0 |
4 |
|a 005.82
|2 23
|
| 245 |
1 |
0 |
|a Privacy Enhancing Technologies
|h [electronic resource] :
|b 7th International Symposium, PET 2007 Ottawa, Canada, June 20-22, 2007 Revised Selected Papers /
|c edited by Nikita Borisov, Philippe Golle.
|
| 264 |
|
1 |
|a Berlin, Heidelberg :
|b Springer Berlin Heidelberg,
|c 2007.
|
| 300 |
|
|
|a X, 278 p.
|b online resource.
|
| 336 |
|
|
|a text
|b txt
|2 rdacontent
|
| 337 |
|
|
|a computer
|b c
|2 rdamedia
|
| 338 |
|
|
|a online resource
|b cr
|2 rdacarrier
|
| 347 |
|
|
|a text file
|b PDF
|2 rda
|
| 490 |
1 |
|
|a Lecture Notes in Computer Science,
|x 0302-9743 ;
|v 4776
|
| 505 |
0 |
|
|a Attacking Unlinkability: The Importance of Context -- A Fresh Look at the Generalised Mix Framework -- Two-Sided Statistical Disclosure Attack -- A Family of Dunces: Trivial RFID Identification and Authentication Protocols -- Louis, Lester and Pierre: Three Protocols for Location Privacy -- Efficient Oblivious Augmented Maps: Location-Based Services with a Payment Broker -- Pairing-Based Onion Routing -- Nymble: Anonymous IP-Address Blocking -- Improving Efficiency and Simplicity of Tor Circuit Establishment and Hidden Services -- Identity Trail: Covert Surveillance Using DNS -- Sampled Traffic Analysis by Internet-Exchange-Level Adversaries -- Browser-Based Attacks on Tor -- Enforcing P3P Policies Using a Digital Rights Management System -- Simplified Privacy Controls for Aggregated Services — Suspend and Resume of Personal Data -- Performance Comparison of Low-Latency Anonymisation Services from a User Perspective -- Anonymity in the Wild: Mixes on Unstructured Networks.
|
| 650 |
|
0 |
|a Computer science.
|
| 650 |
|
0 |
|a Computer communication systems.
|
| 650 |
|
0 |
|a Computer security.
|
| 650 |
|
0 |
|a Data encryption (Computer science).
|
| 650 |
|
0 |
|a Information storage and retrieval.
|
| 650 |
|
0 |
|a Computers and civilization.
|
| 650 |
|
0 |
|a Management information systems.
|
| 650 |
1 |
4 |
|a Computer Science.
|
| 650 |
2 |
4 |
|a Data Encryption.
|
| 650 |
2 |
4 |
|a Computer Communication Networks.
|
| 650 |
2 |
4 |
|a Systems and Data Security.
|
| 650 |
2 |
4 |
|a Information Storage and Retrieval.
|
| 650 |
2 |
4 |
|a Computers and Society.
|
| 650 |
2 |
4 |
|a Management of Computing and Information Systems.
|
| 700 |
1 |
|
|a Borisov, Nikita.
|e editor.
|
| 700 |
1 |
|
|a Golle, Philippe.
|e editor.
|
| 710 |
2 |
|
|a SpringerLink (Online service)
|
| 773 |
0 |
|
|t Springer eBooks
|
| 776 |
0 |
8 |
|i Printed edition:
|z 9783540755500
|
| 830 |
|
0 |
|a Lecture Notes in Computer Science,
|x 0302-9743 ;
|v 4776
|
| 856 |
4 |
0 |
|u http://dx.doi.org/10.1007/978-3-540-75551-7
|z Full Text via HEAL-Link
|
| 912 |
|
|
|a ZDB-2-SCS
|
| 912 |
|
|
|a ZDB-2-LNC
|
| 950 |
|
|
|a Computer Science (Springer-11645)
|